000 00728nam a2200265Ia 4500
003 OSt
005 20220918164724.0
006 a|||||r|||| 00| 0
007 ta
008 220917b |||||||| |||| 00| 0 eng d
020 _a0716711753 (hbk)
024 _a10,966
037 _cTextual
040 _aARTS
_cARTS
_beng
041 _2eng
_aeng
082 _aS:4, M0
100 _aCohen John
_920285
245 0 _aLineaments of mind in historical perspective
260 _aOxford
_bW H Freeman and Company
_c1980
300 _axiii, 325p.
_ccm.
500 _aBibliography op 273-307
650 _aTHEORY OF KNOWLEDGE; PSYCHOLOGY
_98686
942 _hS:4, M0
_cTEXL
_2CC
999 _c126168
_d126168